Texas A & I University studies : TAIUS.

Bibliographic Details
New Title:TAIUS
Format: Serial
Language:English
Published: Kingsville, Tex. : Texas A & I University, [1968-1972]
Subjects:
Online Availability: Check for online availability

MARC

Tag First Indicator Second Indicator Subfields
LEADER 00000cas a2200000 a 4500
001 in00000084400
005 20190122114927.0
008 751101d1968197utxuar 0 a0eng c
010 |a  71615083   |z sn 85003629  
019 |a 145336728 
022 0 |a 0564-7169  |l 0564-7169  |2 1 
029 1 |a AU@  |b 000020453854 
035 |a (OCoLC)ocm01767080 
035 |a (OCoLC)1767080  |z (OCoLC)145336728 
040 |a MUL  |b eng  |c MUL  |d YUS  |d COO  |d MUL  |d AIP  |d NSD  |d DLC  |d NST  |d OCLCQ  |d CRU  |d OKU  |d OCLCQ  |d OCLCF  |d OCLCO  |d TXA  |d UtOrBLW 
042 |a nsdp  |a pcc 
049 |a TXAM 
050 0 0 |a AS36  |b .T36 
050 1 4 |a AP2  |b .T156 
082 1 |a 378  |2 11 
210 0 |a Tex. A I Univ. stud. 
222 0 |a Texas A & I University studies 
245 0 0 |a Texas A & I University studies :  |b TAIUS. 
246 1 |a Texas A & I University studies 
246 1 |a Texas A and I University studies 
246 1 |a TAIUS 
264 1 |a Kingsville, Tex. :  |b Texas A & I University,  |c [1968-1972] 
300 |a 5 volumes :  |b illustrations ;  |c 24 cm. 
310 |a Annual 
336 |a text  |b txt  |2 rdacontent 
337 |a unmediated  |b n  |2 rdamedia 
338 |a volume  |b nc  |2 rdacarrier 
362 1 |a Began with: Volume 1, Number 1 (September 1968); ceased with: Volume 5, Number 1 (December 1972). 
588 |a Description based on: Volume 1, Number 1 (September 1968); title from cover. 
588 |a Latest issue consulted: Volume 5, Number 1 (December 1972). 
610 2 0 |a Texas A & I University.  |0 http://id.loc.gov/authorities/names/n79015473 
650 0 |a Humanities  |v Periodicals.  |0 http://id.loc.gov/authorities/subjects/sh2008105922 
650 7 |a Humanities.  |2 fast  |0 (OCoLC)fst00963588 
710 2 |a Texas A & I University,  |e issuing body.  |0 http://id.loc.gov/authorities/names/n79015473 
776 0 8 |i Online version:  |t Texas A & I University studies  |w (OCoLC)760156792 
785 0 0 |t TAIUS  |x 0886-3202  |w (DLC) 87656569  |w (OCoLC)12863696 
850 |a AzU  |a DLC 
949 |a updated  |b h  |c 2018/10/8  |e spoltoratski  |f 10:37:04 am 
994 |a C0  |b TXA 
999 f f |s 8d634bc9-4b0f-3293-aee6-91fcd5f8a330  |i 08c7f7a6-548a-38e3-8674-c1647a5db4a4  |t 0 
952 f f |p ric  |a Texas A&M University  |b Rellis Campus  |c Joint Library Facility  |d Remote Storage  |t 0  |e AS36 .T36  |h Library of Congress classification  |i unmediated -- volume  |k v.5:no.1  |l 1972:Dec.  |m A14850631228 
952 f f |p ric  |a Texas A&M University  |b Rellis Campus  |c Joint Library Facility  |d Remote Storage  |t 0  |e AS36 .T36  |h Library of Congress classification  |i unmediated -- volume  |k v.1-4  |l 1968-1971  |m A14813899619 
998 f f |a AS36 .T36  |s v.1-5 (1968-1972)  |t 0  |l Remote Storage